000 00327 a2200109 4500
001 33548
082 _a519.402855369 PRA
090 _c22320
_d22320
100 _aPratap,R
245 _aGetting Started with MATLAB,ver 6; a quick introduction for scientists and engineers
260 _aNY
_bOxford University Press
_c2002
942 _aNUST-CAE
_k519.402855369 PRA
999 _c268621
_d268621